The last of the crusaders. (Record no. 552536)
[ view plain ]
| 000 -LEADER | |
|---|---|
| fixed length control field | 01322cam a22002533a 4500 |
| 082 ## - DEWEY DECIMAL CLASSIFICATION NUMBER | |
| Classification number | 953.8 |
| Author Mark | THO |
| -- | D |
| 245 04 - TITLE STATEMENT | |
| Title | The last of the crusaders. |
| 260 ## - PUBLICATION, DISTRIBUTION, ETC. | |
| Date of publication, distribution, etc. | [1920]. |
| 300 ## - PHYSICAL DESCRIPTION | |
| Extent | 1 v. (theater program). |
| 500 ## - GENERAL NOTE | |
| General note | Shubert-Garrick Theatre [Washington, D.C.], commencing Sunday evening, Feb. 15, [1920], evenings at 8:30, matinees at 2:30. |
| 500 ## - GENERAL NOTE | |
| General note | Title devised by Library staff. |
| 505 0# - FORMATTED CONTENTS NOTE | |
| Formatted contents note | Program: Part I. With Allenby in Palestine -- Interval of ten minutes -- Part II. With Lawrence in Arabia. |
| 520 ## - SUMMARY, ETC. | |
| Summary, etc. | The Shubert-Garrick Theatre program. Percy Burton presents Lowell Thomas with "The Last of the Crusaders" in Palestine & Arabia. The motion pictures used in this travelogue were taken by Mr. Harry A. Chase and Captain Frank Hurley, still photogaphs by Mr. Chase, art work by Miss August A. Heyder, projection by Mr. Chase. |
| 526 ## - STUDY PROGRAM INFORMATION NOTE | |
| Program name | 0 |
| Interest level | 0 |
| Reading level | 0 |
| Title point value | 953_800000000000000_THO |
| 650 #0 - SUBJECT ADDED ENTRY--TOPICAL TERM | |
| Topical term or geographic name entry element | MCE |
| 9 (RLIN) | 379 |
| 650 #0 - SUBJECT ADDED ENTRY--TOPICAL TERM | |
| Topical term or geographic name entry element | World War, 1914-1918 |
| Geographic subdivision | Arab countries. |
| 9 (RLIN) | 49764 |
| 700 1# - ADDED ENTRY--PERSONAL NAME | |
| Personal name | Burton, Percy, |
| 9 (RLIN) | 49765 |
| 700 1# - ADDED ENTRY--PERSONAL NAME | |
| Personal name | Chase, H. A. |
| 9 (RLIN) | 49766 |
| 700 1# - ADDED ENTRY--PERSONAL NAME | |
| Personal name | Hurley, Frank, |
| 9 (RLIN) | 49767 |
| 700 1# - ADDED ENTRY--PERSONAL NAME | |
| Personal name | Thomas, Lowell, |
| 9 (RLIN) | 49768 |
| 710 2# - ADDED ENTRY--CORPORATE NAME | |
| Corporate name or jurisdiction name as entry element | Shubert-Garrick Theatre (Organization : Washington, D.C.) |
| 9 (RLIN) | 49769 |
| 710 2# - ADDED ENTRY--CORPORATE NAME | |
| Corporate name or jurisdiction name as entry element | Theater Playbills and Programs Collection (Library of Congress) |
| 9 (RLIN) | 49770 |
| 942 ## - ADDED ENTRY ELEMENTS (KOHA) | |
| Source of classification or shelving scheme | |
| Koha item type | Book |
| Withdrawn status | Lost status | Source of classification or shelving scheme | Damaged status | Not for loan | Permanent Location | Current Location | Shelving location | Date acquired | Total Checkouts | Full call number | Barcode | Date last seen | Price effective from | Koha item type |
|---|---|---|---|---|---|---|---|---|---|---|---|---|---|---|
| Military College of Engineering (MCE) | Military College of Engineering (MCE) | 01/19/2015 | 953.8 THO | MCE-ECW/20 | 01/19/2015 | 01/19/2015 | Book |
